Pays du monde en 5 minutes - Statistiques

Statistiques générales
  • Ce quiz a été pris 936 fois
  • Le résultat moyen est 116 sur 196
Réponses sur la Carte
Les réponses sont colorées sur une échelle allant du rouge au vert en fonction du pourcentage des utilisateurs qui les ont devinées à leur premier essai. Vous pouvez retrouver ces pourcentages ci-dessous.
 
Statistiques - réponses
Pays % Correct
France
97%
Canada
94%
Espagne
94%
Russie
94%
États-Unis
92%
Italie
91%
Portugal
91%
Allemagne
90%
Chine
90%
Mexique
90%
Brésil
89%
Suède
88%
Inde
87%
Irlande
87%
Australie
85%
Belgique
85%
Finlande
85%
Royaume-Uni
85%
Argentine
84%
Chili
84%
Islande
84%
Japon
84%
Norvège
84%
Suisse
84%
Danemark
82%
Maroc
82%
Pologne
82%
Ukraine
82%
Pérou
81%
Algérie
80%
Grèce
79%
Pays-Bas
79%
Turquie
79%
Colombie
77%
Estonie
77%
Mongolie
77%
Uruguay
77%
Bolivie
76%
Égypte
76%
Afrique du Sud
75%
Biélorussie
75%
Iran
75%
Lettonie
75%
Lituanie
75%
Paraguay
75%
Tunisie
75%
Roumanie
74%
Arabie Saoudite
73%
Irak
73%
Vénézuela
73%
Autriche
72%
Cuba
72%
Équateur
72%
République Démocratique du Congo
71%
Hongrie
70%
Bulgarie
69%
République du Congo
69%
Corée du Sud
68%
Guyana
68%
Indonésie
68%
Kazakhstan
68%
Libye
68%
Mali
68%
Yémen
68%
Albanie
67%
Corée du Nord
67%
Madagascar
67%
Croatie
66%
Pakistan
66%
Panama
66%
Slovaquie
66%
Oman
65%
Serbie
65%
Slovénie
65%
Suriname
65%
Andorre
64%
République Tchèque
64%
Thaïlande
64%
Costa Rica
63%
Luxembourg
63%
Monaco
63%
Nouvelle-Zélande
63%
Syrie
63%
Moldavie
62%
Népal
62%
Soudan
62%
Vatican
62%
Belize
61%
Honduras
61%
Niger
61%
Viêt Nam
61%
Émirats Arabes Unis
60%
Guatemala
60%
Haïti
60%
Laos
60%
Macédoine du Nord
60%
Afghanistan
59%
Israël
59%
Jamaïque
58%
Kosovo
58%
Liban
58%
Nicaragua
58%
Malte
57%
Nigeria
57%
Ouzbékistan
57%
Qatar
57%
Bahamas
56%
Bosnie-Herzégovine
56%
Monténégro
56%
Philippines
56%
Saint-Marin
56%
Jordanie
55%
Salvador
55%
Chypre
54%
Malaisie
54%
Somalie
54%
Tchad
54%
Arménie
53%
Soudan du Sud
53%
Sri Lanka
53%
Turkménistan
53%
Angola
52%
Birmanie
52%
Éthiopie
52%
Guinée
52%
Mauritanie
52%
Azerbaïdjan
51%
Bhoutan
51%
Sénégal
51%
Togo
51%
Cambodge
50%
Géorgie
50%
Kenya
48%
République Dominicaine
48%
Bahreïn
47%
Bangladesh
47%
Koweït
47%
Namibie
47%
Tadjikistan
46%
Taïwan
46%
Bénin
45%
Cap-Vert
45%
Kirghizistan
45%
Zambie
45%
Barbade
44%
Fidji
44%
Lesotho
44%
Liechtenstein
44%
Papouasie-Nouvelle-Guinée
44%
Cameroun
43%
Mozambique
43%
Tanzanie
43%
Dominique
42%
Ghana
42%
Maldives
42%
Seychelles
42%
Zimbabwe
42%
Maurice
41%
République Centrafricaine
41%
Sainte-Lucie
41%
Tuvalu
41%
Burkina Faso
40%
Comores
40%
Gabon
40%
Gambie
40%
Nauru
40%
Saint-Christophe-et-Niévès
40%
Côte d’Ivoire
39%
Djibouti
39%
Ouganda
39%
Palaos
39%
Rwanda
39%
Sao Tomé-et-Principe
39%
Singapour
39%
Tonga
39%
Brunei
38%
Érythrée
38%
Micronésie
38%
Trinité-et-Tobago
38%
Eswatini
37%
Guinée-Bissau
37%
Kiribati
37%
Saint-Vincent-et-les-Grenadines
37%
Malawi
36%
Botswana
35%
Burundi
35%
Vanuatu
35%
Antigua-et-Barbuda
34%
Grenade
34%
Îles Marshall
34%
Samoa
34%
Guinée Équatoriale
32%
Îles Salomon
32%
Libéria
32%
Timor Oriental
32%
Sierra Leone
30%
Aucun quiz correspondant
Distribution des résultats
% des personnes avec chaque résultat
Percentile par nombre de réponses
Votre historique - résultats
Vous n’avez pas pris ce quiz